000 00804nam a2200289Ia 4500
005 20260324115548.0
008 008 260324s9999 xx 000 0 eng d
020 _a9781315166582
037 _aEBOOK
040 _aCRL
040 _beng
040 _cCRL
041 _2eng
041 _aeng
084 _qCRL
100 _aHu Zhenqi
_91155141
245 0 _aLand Reclamation in Ecological Fragile Areas
245 0 _bProceedings of the 2nd International Symposium on Land Reclamation and Ecological Restoration (LRER 2017), October 20-23, 2017, Beijing, PR China
260 _bTaylor and Francis
260 _c2017
365 _a
365 _b560
856 _uhttp://www.taylorfrancis.com/books/9781315166582
942 _cEBOOK
999 _c1746105
_d1746105